000 01200nam a22003377a 4500
003 CHAP
005 20220329140511.0
008 971013s1978 r 00010 d
010 _a52899
011 _a53871
035 _a58021
040 _cCHAP
090 _aTesis
100 0 0 _aSánchez Hernández, Miguel.
_9107606
245 _aOrganización campesina y comercialización; un estudio en San Nicolás de los Ranchos, Puebla
260 _aChapingo, Méx. :
_bEl autor,
_c1978
300 _a190 h.
_b; apénd. ; gráfs. ; mapa
502 _aTesis (M.C. Esp. en Divulgación Agrícola) -- SARH. Colegio de Postgraduados. Rama de Divulgación
590 _aALEPH
_b10
_c20130110
_lUCH01
_h1330
590 _aBATCH-UPD
_b10
_c20130110
_lUCH01
_h1520
590 _aBATCH-UPD
_b10
_c20130410
_lUCH01
_h0932
590 _aBATCH-UPD
_b10
_c20130914
_lUCH01
_h0828
590 _aCONVERSION
_b10
_c20130109
_lUCH01
_h1329
650 1 4 _aCampesinado
_xPuebla.
_918035
650 1 4 _aProductos agrícolas
_xMercadeo.
_991951
901 _aBK
942 _cFOLL
949 _bBC
_cTES
_d-126066
_eTS1
_i58021
_si
949 _bBC
_cTES
_d-126067
_eTS2
_fc.2
_i58021
_si
949 _bBC
_cTES
_d-126068
_eTS2
_fc.3
_i58021
_si
999 _c52899
_d52899